01598nam a2200229Ia 450000500170000000800410001704000440005804100080010208200160011010000340012624200470016024500410020726001100024830000300035850005000038850503430088850600220123154600230125365000340127665000180131065000400132820240422154112.0130821s1926 fr gr fre  aCo-BoUCMbspacSandra YazodSandra Yazo0 aspa04a238.2822201 a Loisy, Alfredd1857-1940‏ 00aReligión y humanidadbAlfredo Loisyyspa10aReligion et HumanitécAlfred Loisy aParis (Francia)bÉmile Nourry ; Jouve et Cie. [Emilio Nourry ; Imprenta de Jouve y Compañía)c1926 a266 páginasc18 x 12 cm aDetalles físicos: Sin encuadernación original, actualmente, encuadernación rígida (holandesa) en cartón forrado en papel; lomo de tela con letras y líneas decorativas en dorado. Guardas. Hoja de cortesía. Anteportada. Portada, impresa en una sola tinta; pequeño grabado decorativo. Texto impreso en una sola columna, con diferentes tipos y tamaños de letra. Notas de pie de página. Márgenes amplios. Índice. Papel con oxidación en los bordes. Portada con sello de tinta0 aIntroducción. Importancia y utilidad de las ciencias religiosas. Situación posiblemente delicada de quienes se dedican a ellas. Papel y futuro de las ciencias religiosas. Ciencias y humanidad: fe moral y razón. La ilusión mística y la verdad humana. Ensayo sobre el Espíritu. Ensayo sobre la Fe. Ensayo sobre la Religión. aConsulta en sala. aTexto en francés 7aFilosofía de la religión  7aFe y razón  7aReligión vAspectos filosóficos